000 00323 a2200145 4500
001 147760
040 _cEscola São Tomás de Aquino
100 _aMAZZETTI, Maria
240 1 0 _aCara de lua cheia
_lpor
245 1 0 _aCara de lua cheia
300 _a12
440 1 _aBakana
697 _a*LITERATURA INFANTO
942 _cBK
999 _c147760
_d147760